00482nam a2200145 a 450000500170000000800410001705000240005810000240008224501000010626000390020630000160024544000290026165000120029065000340030220140412111236.0010502s19uu xx 00 eng d aTR(GS 414bW37 1978 aWartenberg, Herbert aPhonics, A :binitial consonant sound /cby Herbert Wartenberg; illustrated by Arthur Friedman. aNew York :bScholastic Inc,c1978. a32p. ; ill. aA Scholastic Skills Book aPhonics aConsonants-Study and teaching